000 00605nam a2200157 a 4500
008 120416s1971 ||||||||||||||||| || u
050 _aHD 1691 Jam
100 _aJames, L. Douglas
245 1 0 _aEconomics of water resources planning
260 _aNew York
_bMcGraw-Hill
_c1971
350 _a0.00
650 0 _aWATER RESOURCES DEVELOPMENT--INTERNATIONAL COOPERATION
650 _aWATER
650 _aWATER RESOURCES DEVELOPMENT--ECONOMIC ASPECTS
995 _D0.00
_FCBU-MAIN LIBRARY (Kitwe)
_H1
_I0.00
_M1
_UAVAILABLE
_ZAnnex Low-Usage Collection
999 _c41069
_d41069